000 01541nam0a22003731 4500
001 RU\NLR\INFOCOMM_41\5000251290
005 20250613091005.0
035 _a(NLR Aleph) 009087233
090 _a8019325
_c8019325
100 _a20081216d1988 |||y0rusy50 ca
101 0 _aeng
102 _aRU
105 _aab z|||000yy
181 0 _ai3
_baxxe
182 0 _an
200 1 _aˆThe ‰Gulf
_efrom the impase of confrontation to the political alternative
_fPavel Bayev
203 _aТекст
_bвизуальный
_cнепосредственный
210 _aΜoscow
_c"Novosti" press agency publ. house
_d1988
215 _a56 с.
_cил., карты
_d19 см
225 1 _aRegional conflicts: problems of setting
300 _aВ вып. дан.: Залив: от тупиков конфронтации к политической альтернативе / Павел Кимович Баев
517 1 _aЗалив: от тупиков конфронтации к политической альтернативе
606 _aИрано-Иракский конфликт
_z1980
_2nlr_sh1
607 _aПерсидский залив
_xМеждународные отношения
_z20 в.
_2nlr_sh1
686 _aТ3(53)63-608
_2rubbk
686 _aТ3(0)63-608
_2rubbk
700 1 _6z01790
_aBaev
_bP. K.
_f1957-
_gPavel Kimovič
_4070
790 1 _6z01700
_aBayev
_bP.
_gPavel
_4070
801 1 _aRU
_bNLR
_c20081216
801 0 _aRU
_bNLR
_gPSBO
852 _aNLR
_jИ91 Д-4/314
942 _cBOOK
980 _aNB